| Tag |
First Indicator |
Second Indicator |
Subfields |
| LEADER |
00000cam a2200000Ii 4500 |
| 001 |
in00001682521 |
| 005 |
20151024133305.0 |
| 008 |
780911s1974 ohua 001 0 eng d |
| 035 |
|
|
|a (OCoLC)ocm04213442
|
| 040 |
|
|
|a AGL
|c AGL
|d OCL
|d TXA
|d UtOrBLW
|
| 049 |
|
|
|a TXAM
|
| 050 |
|
0 |
|a SB612.A2
|b C6
|
| 100 |
1 |
|
|a Converse, Jim.
|
| 245 |
1 |
0 |
|a ProTurf guide to the identification of dicot turf weeds /
|c by Jim Converse.
|
| 264 |
|
1 |
|a Marysville, Ohio :
|b O. M. Scott and Sons Co.,
|c [1974]
|
| 264 |
|
4 |
|c ©1974
|
| 300 |
|
|
|a 15 unnumbered pages, 100 pages :
|b illustrations
|
| 336 |
|
|
|a text
|b txt
|2 rdacontent
|
| 337 |
|
|
|a unmediated
|b n
|2 rdamedia
|
| 338 |
|
|
|a volume
|b nc
|2 rdacarrier
|
| 500 |
|
|
|a Includes index.
|
| 536 |
|
|
|a Library copy identical to one formerly held in Hazard Reduction and Recovery Center (HRRC) Library.
|
| 650 |
|
3 |
|a Weeds
|x Identification
|v Handbooks, manuals, etc.
|
| 650 |
|
3 |
|a Grasses
|x Diseases and pests.
|
| 650 |
|
3 |
|a Turf management.
|
| 710 |
1 |
|
|a Scott (O.M) & Sons Company.
|
| 948 |
|
|
|a cataloged
|b h
|c 2002/6/6
|d c
|e cmulkey
|f 9:25:14 am
|
| 994 |
|
|
|a E0
|b TXA
|
| 999 |
|
|
|a MARS
|
| 999 |
f |
f |
|s f8b45c71-9913-3d05-aa6f-0366913a911e
|i 118ced85-0588-3ad9-80c6-94da8a56de4b
|t 0
|
| 952 |
f |
f |
|p ric
|a Texas A&M University
|b Rellis Campus
|c Joint Library Facility
|d Remote Storage
|t 0
|e SB612.A2 C6
|h Library of Congress classification
|i unmediated -- volume
|m A14828962168
|
| 998 |
f |
f |
|a SB612.A2 C6
|t 0
|l Remote Storage
|